Firemné procesy z pohľadu metodológie Six Sigma
Prechod podnikov od funkčného usporiadania na procesné. Zavedenie procesného riadenia. Koncept Six Sigma, základné výhody a zmeny po jeho zavedení. Zdokumentovanie a popísanie vybraného podnikového procesu - proces nákupu.
Salvato in:
| Autore principale: | |
|---|---|
| Altri autori: | |
| Natura: | Capitolo di libro |
| Lingua: | slovacco |
| Soggetti: | |
| Tags: |
Nessun Tag, puoi essere il primo ad aggiungerne!!
|
MARC
| LEADER | 00000nla a2200000 4500 | ||
|---|---|---|---|
| 001 | 0164512 | ||
| 005 | 20240527102253.3 | ||
| 041 | 0 | |a slo | |
| 044 | |a SK | ||
| 245 | 1 | 0 | |a Firemné procesy z pohľadu metodológie Six Sigma |c Zuzana Hajduová, Marek Andrejkovič |
| 520 | |a Prechod podnikov od funkčného usporiadania na procesné. Zavedenie procesného riadenia. Koncept Six Sigma, základné výhody a zmeny po jeho zavedení. Zdokumentovanie a popísanie vybraného podnikového procesu - proces nákupu. | ||
| 610 | 2 | 0 | |a procesy podnikové |
| 610 | 2 | 0 | |a riadenie procesné |
| 610 | 2 | 0 | |a metódy riadenia |
| 610 | 2 | 0 | |a nákup |
| 610 | 2 | 0 | |a čas |
| 610 | 2 | 0 | |a zákazníci |
| 100 | 1 | |a Hajduová, Zuzana, 1974- | |
| 700 | 1 | |a Andrejkovič, Marek | |